=LDR 00000nam 2200000 4500 =001 INLIS000000000040267 =005 20130612145834 =008 ***********************************ind** =035 ##$$0010-061300000040267 =041 ##$$a ind =082 ##$$a 633.88 =090 ##$$a 633.88, mah k =100 ##$$a b.mahendra =245 ##$$a kumis kucing, pembudidayaa dan pemanfaatan.. =260 ##$$a 2005 $b jakarta =300 ##$$a 75 hlm, ilus, 23 cm =700 ##$$a fauzi rahmat kusuma =850 ##$$a NBPNMAT